00257nam a2200097Ia 4500008004100000082001500041100001900056245004900075260002000124600001500144241002s9999 xx 000 0 und d a154.22 FRE aFreud, Sigmund 0aGroup Psychology and the Analysis of the ego aNew York:c1965 aPhilosophy